History Quiz

Random History Quiz

Reigning Houses of Current Monarchies Quiz Stats

 Plays Quiz not verified by Sporcle

Score 0/26 Timer 07:00
0 Plays Today
Country House % Correct
United KingdomWindsor
92.5%
SpainBourbon
60%
MonacoGrimaldi
47.5%
Saudi ArabiaAl Saud
42.5%
SwedenBernadotte
42.5%
BelgiumSaxe-Coburg and Gotha
40%
NetherlandsOrange-Nassau
37.5%
BhutanWangchuck
27.5%
LiechtensteinLiechtenstein
27.5%
QatarAl Thani
27.5%
CambodiaNorodom
22.5%
DenmarkGlucksburg
22.5%
JapanYamato
22.5%
Country House % Correct
NorwayGlucksburg
22.5%
ThailandChakri
22.5%
BruneiBolkiah
17.5%
KuwaitAl Sabah
17.5%
TongaTupou
15%
United Arab EmiratesAl Nahyan
15%
BahrainAl Khalifah
12.5%
MoroccoAlawi
12.5%
OmanAl Said
12.5%
JordanHashim
10%
LuxembourgLuxembourg-Nassau
10%
Swaziland Dlamini
10%
LesothoMoshesh
5%

You're not logged in!

Compare scores with friends on all Sporcle quizzes.
OR
Log In

Show Comments

Extras

Created Aug 11, 2015ReportNominate
Tags:house, royalty

Top Quizzes Today


Score Distribution

Your Account Isn't Verified!

In order to create a playlist on Sporcle, you need to verify the email address you used during registration. Go to your Sporcle Settings to finish the process.

Report this User

Report this user for behavior that violates our Community Guidelines.

Details: